000 00810nam a2200253Ia 4500
003 OSt
005 20220918171623.0
006 a|||||r|||| 00| 0
007 ta
008 220917b |||||||| |||| 00| 0 eng d
020 _a978521727488 (pbk)
_c295
024 _a237,157
037 _b8270, 28/01/2009, Elite Publishers Distributors
_cTextual
040 _aARTS
_cARTS
_beng
041 _2eng
_aeng
082 _aV2:51xM69:g, P6
100 _aParel Anthony J.
_937778
245 0 _aGandhi's philosophy and the quest for harmony
260 _aNew York
_bCambrdige University Press U.S.A
_c2006
300 _axiv, 226p.
_ccm.
650 _aHISTORY
942 _hV2:51xM69:g, P6
_cTEXL
_2CC
999 _c140474
_d140474